تهذيب مسائل المدونة المسمى التهذيب في اختصار المدونة / (رقم التسجيلة. 135497)

تفاصيل مارك
000 -LEADER
fixed length control field 00694nam a22001937a 4500
005 - DATE AND TIME OF LATEST TRANSACTION
control field 20251108175509.0
008 - FIXED-LENGTH DATA ELEMENTS--GENERAL INFORMATION
fixed length control field 250721s2015 xx 000 0 ara d
082 14 - DEWEY DECIMAL CLASSIFICATION NUMBER
Classification number م/216.1/برا
100 1# - MAIN ENTRY--PERSONAL NAME
Personal name البراعي، الامام خلف بن ابي القاسم محمد الازدي القيرواني
245 10 - TITLE STATEMENT
Title تهذيب مسائل المدونة المسمى التهذيب في اختصار المدونة /
264 1# - PRODUCTION, PUBLICATION, DISTRIBUTION, MANUFACTURE, AND COPYRIGHT NOTICE
Place of production, publication, distribution, manufacture القاهرة :
Name of producer, publisher, distributor, manufacturer دار الغد الجديد،
Date of production, publication, distribution, manufacture, or copyright notice 2015.
300 ## - PHYSICAL DESCRIPTION
Extent
650 17 - SUBJECT ADDED ENTRY--TOPICAL TERM
Topical term or geographic name as entry element اصول الفقه
650 17 - SUBJECT ADDED ENTRY--TOPICAL TERM
Topical term or geographic name as entry element الفقه الاسلامي
650 17 - SUBJECT ADDED ENTRY--TOPICAL TERM
Topical term or geographic name as entry element الاسلام
700 1# - ADDED ENTRY--PERSONAL NAME
Personal name قدري، عماد
942 ## - ADDED ENTRY ELEMENTS (KOHA)
Source of classification or shelving scheme Dewey Decimal Classification
Koha item type مراجع
المقتنيات
حالة السحب حالة الفقدان مصدر التصنيف حالة التلف غير قابل للإعارة المكتبة الرئيسية المكتبة الحالية موقع الرف تاريخ التزويد الرقم المتسلسل Total Checkouts رقم الإستدعاء الباركود تاريخ آخر ظهور تاريخ الفاتورة نوع المادة (كوها)
    Dewey Decimal Classification   Not For Loan المكتبة المركزية المكتبة المركزية مراجع 28/07/2025 1644888   م/216.1/برا PLD00396861 28/07/2025 28/07/2025 مراجع
    Dewey Decimal Classification   Not For Loan المكتبة المركزية المكتبة المركزية مراجع 19/11/2016 1644889   م/216.1/برا PLD00399456 28/07/2025 19/11/2016 مراجع
    Dewey Decimal Classification   Not For Loan مكتبة أبو علندا العامة مكتبة أبو علندا العامة مراجع 19/11/2016 1644894   م/216.1/برا PLD00399461 28/07/2025 19/11/2016 مراجع
    Dewey Decimal Classification   Not For Loan مكتبة أبو علندا العامة مكتبة أبو علندا العامة مراجع 19/11/2016 1644895   م/216.1/برا PLD00399462 28/07/2025 19/11/2016 مراجع
    Dewey Decimal Classification   Not For Loan مكتبة الجويدة مكتبة الجويدة مراجع 19/11/2016 1644890   م/216.1/برا PLD00399457 28/07/2025 19/11/2016 مراجع
    Dewey Decimal Classification   Not For Loan مكتبة الجويدة مكتبة الجويدة مراجع 19/11/2016 1644891   م/216.1/برا PLD00399458 28/07/2025 19/11/2016 مراجع
    Dewey Decimal Classification   Not For Loan مكتبة حمزة العامة مكتبة حمزة العامة مراجع 19/11/2016 1644892   م/216.1/برا PLD00399459 28/07/2025 19/11/2016 مراجع
    Dewey Decimal Classification   Not For Loan مكتبة حمزة العامة مكتبة حمزة العامة مراجع 19/11/2016 1644893   م/216.1/برا PLD00399460 28/07/2025 19/11/2016 مراجع
Implemented & Customized by: BBB with SCIT (Smart Chains for Information Technology)

Powered by Koha